Community school centers : a report from EFL.

Bibliographic Details
Corporate Author: Educational Facilities Laboratories
Format: Book
Language:English
Published: New York, N.Y. : Educational Facilities Laboratories, [1979]
Subjects:

MARC

Tag First Indicator Second Indicator Subfields
LEADER 00000cam a2200000 a 4500
001 in00000074622
005 20151008053612.0
008 800425s1979 nyua 00000 engmd
010 |a  79084465  
035 |a (OCoLC)06244219 
035 |9 AAH7985AM 
040 |a OSU  |c OSU  |d OCL  |d m.c.  |d TXA  |d UtOrBLW 
043 |a n-us--- 
049 |a TXAM  |c [1329146] 
090 |a LB2820  |b .C68 
245 0 0 |a Community school centers :  |b a report from EFL. 
264 1 |a New York, N.Y. :  |b Educational Facilities Laboratories,  |c [1979] 
264 4 |c ©1979 
300 |a 141 pages :  |b illustrations ;  |c 27 cm. 
336 |a text  |b txt  |2 rdacontent 
337 |a unmediated  |b n  |2 rdamedia 
338 |a volume  |b nc  |2 rdacarrier 
650 0 |a Community schools  |z United States. 
710 2 |a Educational Facilities Laboratories. 
999 |a MARS 
999 f f |s 2e1bdd65-4069-3368-b2a6-354020ff8c99  |i 53df1d8d-2838-3232-aeec-5aa8923167e7  |t 0 
952 f f |p normal  |a Texas A&M University  |b College Station  |c Sterling C. Evans Library  |d Evans: Library Stacks  |t 0  |e LB2820 .C68  |h Library of Congress classification  |i unmediated -- volume  |m A14806162190 
998 f f |a LB2820 .C68  |t 0  |l Evans: Library Stacks